Franz Tamayo: hechicero del ande, retrato al modo fantástico

Uloženo v:
Podrobná bibliografie
Hlavní autor: Diez de Medina, Fernando (Autor)
Médium: Kniha
Jazyk:španělština
Vydáno: La Paz Puerta del Sol 1944
Témata:
Tagy: Přidat tag
Žádné tagy, Buďte první, kdo vytvoří štítek k tomuto záznamu!

MARC

LEADER 00000nam a2200000 a 4500
001 UCY9242
003 CL-VaPUC
008 950713e19440000BO |||||||||||||||||spa|d
082 0 4 |a 928  |b DIE  |2 21 
100 0 |a Diez de Medina, Fernando  |e author  |9 341319 
245 1 0 |a Franz Tamayo: hechicero del ande, retrato al modo fantástico 
300 |a 313 p 
942 |c BK 
945 |d 19950713 00:00:00  |a rbrito 
260 |a La Paz  |b Puerta del Sol  |c 1944 
600 0 7 |a TAMAYO, FRANZ  |2 CL-VaPUC  |9 341320 
650 0 |a Biografías  |9 255210 
650 0 |a Literatura boliviana   |9 341321 
650 0 |a Poesía boliviana   |9 341322 
651 0 |a Bolivia  |9 255454 
583 |a last modification  |c 20150113 05:31:54  |k Rodrigo Vera 
999 |c 236367  |d 236365 
952 |0 0  |1 0  |4 0  |6 928_000000000000000_DIE_1944  |7 0  |8 A  |9 244424  |a BIBEDU  |b BIBEDU  |d 2019-11-18  |i 3103242  |o 928 DIE 1944  |p 3103242  |r 2019-11-18  |w 2019-11-18  |y BK  |k LIT